000 02592aab a2200577 a 4500
003 AR-RoUNA
008 140529||||||||||||||||| |||| 0|||| d
040 _aAR-RoUNA
_bspa
041 _aspa
_aeng
044 _aag
080 _a72.036
245 1 3 _aOn Diseño /
_nNº 185
260 _aBarcelona :
_bOn Diseño,
_c1996
300 _a243.p. :
_bdib.
_bfot. col.
_bplantas
_c29x24 cm
505 0 _tPROCESOS DE RECUPERACIÓN DE LAS ARQUITECTURAS EXISTENTES
505 0 _aGómez Añón Juan/ Restauración del Almudín. (Valencia). 102
505 0 _aBentabol José Luis/ Rodrigo Eduardo / Rehabilitación del cine Roxy.(Valladolid). p. 112
505 0 _aLejarraga Martín y Lavia Monica/ Adaptación de una nave industrial para exposición. Murcia. p. 124
505 0 _tNUEVAS APORTACIONES DEL DISEÑO GRÁFICO Y OBJETUAL
505 0 _aAgatha Ruiz de la Prada / Colección Agatha. p. 132
505 0 _aBenedito Design / Buho. p. 140
505 0 _aGimeno Pepe / Imágen coorporativa para la Feria del Mueble de Valencia. p. 144
505 0 _aCasas Ortínez Joan / Silla Aldana. p. 150
505 0 _aLas Capillitas de Enric Majoral, p. 156
505 0 _aBenedito Ramón / Columnas In - Out. p. 162
505 0 _aEnvases y Caligrafías/ Ricardo Victor Rousselot. p.166
505 0 _aTorre de CPU Teide / Grupo Item. p. 174
505 0 _aTriana Cálida. Spring Gelida Kisa. Sping Helios y Ecologia Nassau / La Mediterránea / García Silvia. p. 178
505 0 _aPrograma Lisis / Grupo Item. p. 182
505 0 _aSilla Apta / Teixido Gabriel. p. 186
505 0 _aPrograma Fargo / Pascual Salvador. p. p. 190
505 0 _aMartínez Vicent / La literatura. p. 198
505 0 _aSilla Eina / Josep Llusca. p. 208
505 0 _aSillarga y Sicurta / Inés Joan Carlos y Gonzalo Mila. p. 204
505 0 _aSilla Eina/ Josep LLusca. p. 208
505 0 _aMariscal Javier / Colección de accesorios de baño PCES. p. 214
505 0 _aPensi Jorge / Mobiliario de Oficina Ares. p. 220
505 0 _aSilla Sacla / Grupo Itrem . p. 226
505 0 _aGaspar JOan / Lámpara TV. p.236
505 0 _aCiganda Miguel Ángel / Programa de Asientos Duna. p. 240
650 _aArquitectura contemporanea
_912621
653 _aExposiciones
653 _aPremios
700 1 _aLlopis, Carme
_edrt
_912622
773 _aOn Diseño
_dBarcelona, AramEdiciones S.A, 1996
_gNº185 ( 1997). p.243
_x0210-2080
908 _aImp
930 _c170
_e6916
942 _2udc
_cART
945 _aMBP
_d2019-02-20
980 _81
_gMaricel Allasia
_66
_aMirna Bonanno Potro
999 _c12108
_d12108